[Event "Mislata op 51st"]
[Site "Mislata"]
[Date "2017.08.08"]
[Round "3"]
[White "Remolar Gallen, Jose"]
[Black "Mingo Fernandez, Matias"]
[Result "1-0"]
[WhiteElo "2304"]
[BlackElo "2201"]
[PlyCount "89"]
[EventDate "2017.08.07"]
[EventType "swiss"]
[EventRounds "9"]
[EventCountry "ESP"]
[SourceTitle "CBM 179 Extra"]
[Source "ChessBase"]
[SourceDate "2017.08.23"]
[SourceVersion "1"]
[SourceVersionDate "2017.08.23"]
[SourceQuality "1"]

1. d4 d5 2. c4 c6 3. Nf3 Nf6 4. Nc3 Bf5 5. cxd5 cxd5 6. Qb3 Bc8 7. Bg5 e6 8. e3 Be7 9. Bd3 Nc6 10. h3 Bd7 11. 0-0 0-0 12. Qd1 Rc8 13. Qe2 a6 14. a3 Be8 15. Rad1 Nd7 16. Bf4 Nb6 17. Bb1 f5 18. g4 Bg6 19. Kg2 Nc4 20. Rh1 Nd6 21. h4 Ne4 22. h5 Bf7 23. gxf5 exf5 24. Rh3 Be6 25. Rg1 Bd6 26. Kh1 Kh8 27. Ng5 Bg8 28. f3 Bxf4 29. exf4 Nd6 30. Rhg3 Qf6 31. Qg2 Rc7 32. Ba2 Nc4 33. h6 g6 34. Qh2 Rd7 35. Bxc4 dxc4 36. d5 Ne7 37. R3g2 Nxd5 38. Rd2 Nb6 39. Rgd1 Rfd8 40. a4 Rd3 41. a5 Nc8 42. Qe2 Qd6 43. Rxd3 cxd3 44. Rxd3 Qxf4 45. Nf7+ 1-0

[Event "Cornella Pinol Memorial 2nd"]
[Site "Cornella de Llobregat"]
[Date "2014.10.13"]
[Round "3"]
[White "Mingo Fernandez, Matias"]
[Black "Munoz Pantoja, Miguel Angel"]
[Result "0-1"]
[WhiteElo "2302"]
[BlackElo "2562"]
[PlyCount "70"]
[EventDate "2014.09.29"]
[EventType "swiss"]
[EventRounds "9"]
[EventCountry "ESP"]
[SourceTitle "EXT 2016"]
[Source "ChessBase"]
[SourceDate "2015.10.08"]
[SourceVersion "1"]
[SourceVersionDate "2015.10.08"]
[SourceQuality "1"]

1. d4 Nf6 2. Bf4 c5 3. e3 Qb6 4. Nc3 d6 5. Rb1 g6 6. h3 Bg7 7. Nf3 0-0 8. Be2 cxd4 9. exd4 Bf5 10. 0-0 Nc6 11. a3 Rac8 12. Re1 d5 13. Bf1 Be4 14. Be5 Rfd8 15. Na4 Qa5 16. Nc3 Qb6 17. Na4 Qa5 18. Nc3 Bxf3 19. Qxf3 Rd7 20. Rbd1 Qd8 21. g4 e6 22. Bb5 a6 23. Bxc6 Rxc6 24. Qe3 Ne8 25. Bxg7 Kxg7 26. Rd3 Nd6 27. b3 Rdc7 28. Qg3 Kg8 29. Ree3 b5 30. h4 h5 31. f3 Qf6 32. g5 Qd8 33. Qe1 Nf5 34. Re5 Qd6 35. f4 Kg7 0-1

[Event "Cornella Pinol Memorial 1st"]
[Site "Cornella de Llobregat"]
[Date "2013.11.11"]
[Round "7"]
[White "Garcia Riera, Josep"]
[Black "Mingo Fernandez, Matias"]
[Result "1-0"]
[WhiteElo "2006"]
[BlackElo "2202"]
[PlyCount "43"]
[EventDate "2013.09.30"]
[EventType "swiss"]
[EventRounds "9"]
[EventCountry "ESP"]
[SourceTitle "EXT 2015"]
[Source "ChessBase"]
[SourceDate "2014.11.20"]
[SourceVersion "1"]
[SourceVersionDate "2014.11.20"]
[SourceQuality "1"]

1. d4 d5 2. c4 c6 3. e3 Nf6 4. Nc3 e6 5. Nf3 Nbd7 6. Bd3 dxc4 7. Bxc4 b5 8. Bd3 a6 9. e4 Bb7 10. e5 Ng8 11. 0-0 c5 12. Be4 Qc7 13. d5 exd5 14. Nxd5 Bxd5 15. Bxd5 0-0-0 16. Qe2 Nb6 17. Be4 Ne7 18. a4 Qd7 19. Be3 Ned5 20. Rfd1 Qe8 21. Bg5 f6 22. a5 1-0

[Event "Mislata op-A 20th"]
[Site "Mislata"]
[Date "2012.08.16"]
[Round "6"]
[White "Diaz Velandia, Jose Manuel"]
[Black "Mingo Fernandez, Matias"]
[Result "1-0"]
[WhiteElo "2251"]
[BlackElo "2216"]
[PlyCount "141"]
[EventDate "2012.08.13"]
[EventType "swiss"]
[EventRounds "9"]
[EventCountry "ESP"]
[SourceTitle "EXT 2013"]
[Source "ChessBase"]
[SourceDate "2012.11.22"]
[SourceVersion "1"]
[SourceVersionDate "2012.11.22"]
[SourceQuality "1"]

1. d4 d5 2. Nf3 c6 3. c3 Bf5 4. e3 Nd7 5. Bd3 Bxd3 6. Qxd3 Ngf6 7. Nbd2 e6 8. 0-0 Be7 9. Re1 0-0 10. e4 dxe4 11. Nxe4 c5 12. Nxf6+ Bxf6 13. dxc5 Nxc5 14. Qb5 Qc7 15. Be3 Nd7 16. Rac1 a6 17. Qb4 Rfc8 18. Red1 Nf8 19. Rd2 b5 20. Rcd1 Qc4 21. Qa5 Qc7 22. Qxc7 Rxc7 23. Bb6 Rcc8 24. Ba5 h6 25. Kf1 g6 26. Nd4 Rc4 27. Nb3 Be7 28. Bd8 Bxd8 29. Rxd8 Ra7 30. Re8 Kg7 31. Rdd8 Nd7 32. Nd2 Rcc7 33. Ne4 Nf6 34. Nxf6 Kxf6 35. Ke2 Rc6 36. Rd3 a5 37. Rf3+ Kg7 38. Kd2 b4 39. Rb8 bxc3+ 40. Rxc3 Rd7+ 41. Rd3 Rdc7 42. Ke3 Rc5 43. a3 Re5+ 44. Kd2 Rec5 45. Rc3 Rd7+ 46. Kc2 Rcd5 47. Kb3 Rd2 48. Rf3 f5 49. Ka4 R7d5 50. Rb6 h5 51. b3 R2d4+ 52. b4 axb4 53. axb4 e5 54. Rg3 Rg4 55. Kb3 Rxg3+ 56. hxg3 Rd2 57. Rc6 Rxf2 58. b5 Rd2 59. b6 Rd8 60. Kc4 Kh6 61. Re6 e4 62. Kc5 Kg5 63. b7 Rb8 64. Kc6 f4 65. Rxe4 fxg3 66. Kc7 Rxb7+ 67. Kxb7 h4 68. Kc6 Kh5 69. Kd5 g5 70. Ke5 Kg6 71. Rg4 1-0

[Event "Mislata op-A 20th"]
[Site "Mislata"]
[Date "2012.08.16"]
[Round "5"]
[White "Pena Riasco, Alexander"]
[Black "Mingo Fernandez, Matias"]
[Result "0-1"]
[WhiteElo "2237"]
[BlackElo "2216"]
[PlyCount "80"]
[EventDate "2012.08.13"]
[EventType "swiss"]
[EventRounds "9"]
[EventCountry "ESP"]
[SourceTitle "EXT 2013"]
[Source "ChessBase"]
[SourceDate "2012.11.22"]
[SourceVersion "1"]
[SourceVersionDate "2012.11.22"]
[SourceQuality "1"]

1. e4 e6 2. d4 d5 3. Nd2 Nf6 4. e5 Nfd7 5. Bd3 c5 6. c3 Nc6 7. Ne2 a5 8. 0-0 Be7 9. f4 Qb6 10. Nf3 Ndb8 11. Kh1 Bd7 12. dxc5 Bxc5 13. Ng5 g6 14. b3 Ne7 15. Qe1 h6 16. Nf3 Nbc6 17. Bd2 Nf5 18. Bxf5 exf5 19. Rd1 Nd8 20. Ned4 Ne6 21. Be3 Rc8 22. a3 Qd8 23. c4 dxc4 24. Nxe6 fxe6 25. Bxc5 Rxc5 26. bxc4 0-0 27. Qg3 Kh7 28. Rd4 Qe7 29. Rfd1 Ba4 30. R1d2 Rfc8 31. Nh4 g5 32. fxg5 Qxg5 33. Qd3 Rxc4 34. Nf3 Rc1+ 35. Ng1 Bc6 36. h4 Qg7 37. Qe2 Rg8 38. Rd6 Qg3 39. R2d3 Qxh4+ 40. Rh3 Qxh3# 0-1

[Event "Catalunya-chT"]
[Site "Catalunya"]
[Date "2012.02.25"]
[Round "5.10"]
[White "Mingo Fernandez, Matias"]
[Black "Ibanez Tarradellas, Eduardo"]
[Result "1/2-1/2"]
[WhiteElo "2193"]
[BlackElo "2300"]
[PlyCount "66"]
[EventDate "2012.01.28"]
[EventType "team-tourn"]
[EventRounds "11"]
[EventCountry "ESP"]
[SourceTitle "EXT 2013"]
[Source "ChessBase"]
[SourceDate "2012.11.22"]
[SourceVersion "1"]
[SourceVersionDate "2012.11.22"]
[SourceQuality "1"]
[WhiteTeam "Barbera"]
[BlackTeam "Barcelona Uga"]
[WhiteTeamCountry "ESP"]
[BlackTeamCountry "ESP"]

1. d4 d5 2. Nf3 Nc6 3. Bf4 Bg4 4. Nbd2 e6 5. c3 Bd6 6. Bg3 f5 7. e3 Nf6 8. Qb3 Rb8 9. Bd3 0-0 10. Bh4 b5 11. h3 Bxf3 12. Nxf3 Ne7 13. Bxf6 Rxf6 14. Qc2 c5 15. dxc5 Bxc5 16. 0-0 Qd6 17. Qe2 e5 18. Bc2 e4 19. Nd4 Bxd4 20. cxd4 f4 21. exf4 Rxf4 22. Bb3 a5 23. a3 a4 24. Ba2 b4 25. axb4 Rxb4 26. g3 Rf7 27. Qd2 Qb6 28. Qg5 h6 29. Qe3 Nf5 30. Qc3 Rxd4 31. Rad1 Rxd1 32. Rxd1 Ne7 33. Qd4 Qe6 1/2-1/2

[Event "Catalunya-chT"]
[Site "Catalunya"]
[Date "2012.02.04"]
[Round "2.10"]
[White "Mingo Fernandez, Matias"]
[Black "Tallo Dominguez, Imar"]
[Result "1/2-1/2"]
[WhiteElo "2193"]
[BlackElo "2170"]
[PlyCount "80"]
[EventDate "2012.01.28"]
[EventType "team-tourn"]
[EventRounds "11"]
[EventCountry "ESP"]
[SourceTitle "EXT 2013"]
[Source "ChessBase"]
[SourceDate "2012.11.22"]
[SourceVersion "1"]
[SourceVersionDate "2012.11.22"]
[SourceQuality "1"]
[WhiteTeam "Barbera"]
[BlackTeam "Colon Sabadell"]
[WhiteTeamCountry "ESP"]
[BlackTeamCountry "ESP"]

1. d4 Nf6 2. Bf4 d5 3. e3 e6 4. Nd2 c5 5. c3 Nc6 6. Ngf3 Be7 7. h3 0-0 8. Ne5 Nxe5 9. dxe5 Nd7 10. Bd3 f5 11. h4 d4 12. exd4 cxd4 13. cxd4 Nc5 14. Nf3 Qa5+ 15. Kf1 Nxd3 16. Qxd3 b6 17. Qb3 h6 18. Bd2 Ba6+ 19. Kg1 Qd5 20. Qxd5 exd5 21. Kh2 Rac8 22. Rhc1 Kf7 23. a3 Rxc1 24. Rxc1 Rc8 25. Rxc8 Bxc8 26. Kg3 a5 27. Kf4 Bd8 28. g3 Be7 29. Bc3 Bd8 30. Bd2 Be7 31. Bc3 Bd8 32. Ke3 Ba6 33. Ne1 g5 34. hxg5 hxg5 35. Nc2 Ke6 36. Kf3 Bd3 37. Ne1 Bf1 38. Nc2 Bd3 39. Ne1 Bf1 40. Nc2 Bd3 1/2-1/2

[Event "Catalunya-chT"]
[Site "Catalunya"]
[Date "2012.01.28"]
[Round "1.9"]
[White "Mingo Fernandez, Matias"]
[Black "Manera Lopez, Josep"]
[Result "1/2-1/2"]
[WhiteElo "2193"]
[BlackElo "2189"]
[PlyCount "145"]
[EventDate "2012.01.28"]
[EventType "team-tourn"]
[EventRounds "11"]
[EventCountry "ESP"]
[SourceTitle "EXT 2013"]
[Source "ChessBase"]
[SourceDate "2012.11.22"]
[SourceVersion "1"]
[SourceVersionDate "2012.11.22"]
[SourceQuality "1"]
[WhiteTeam "Barbera"]
[BlackTeam "Figueres"]
[WhiteTeamCountry "ESP"]
[BlackTeamCountry "ESP"]

1. d4 g6 2. Nf3 Bg7 3. e4 c6 4. Nc3 d5 5. h3 dxe4 6. Nxe4 Nd7 7. Bc4 Ndf6 8. Nxf6+ Nxf6 9. 0-0 0-0 10. Re1 Qc7 11. Qe2 e6 12. Bb3 a6 13. Ne5 b5 14. Bf4 Qb6 15. Rad1 Nd5 16. Bg3 f6 17. Nf3 Bd7 18. c3 Rae8 19. Nd2 Rf7 20. Bd6 Qd8 21. Ne4 Bc8 22. Bg3 Bf8 23. h4 h6 24. Nd2 Bd6 25. Bxd6 Qxd6 26. Qg4 Rg7 27. Ne4 Qd8 28. Qg3 f5 29. Bxd5 cxd5 30. Nd6 Ree7 31. Nxc8 Qxc8 32. Qd6 Re8 33. Re3 Rd7 34. Qf4 Kg7 35. Rde1 Rde7 36. Qd6 Kf7 37. Qf4 Kg7 38. Rg3 Qc7 39. Re5 Kh7 40. Rge3 Kg7 41. Rg3 Kh7 42. Qf3 Qd7 43. Qe2 Qc6 44. Rge3 Kg7 45. Rg3 Kh7 46. Qd1 Qc4 47. a3 Qc6 48. Rge3 Rg7 49. Qe2 Rge7 50. h5 Qd6 51. hxg6+ Kg7 52. Qh5 Rf8 53. Rh3 Rh8 54. g4 fxg4 55. Qxg4 Qd7 56. Rhe3 Rhe8 57. Rh5 Rh8 58. Qf4 Qe8 59. Qe5+ Kg8 60. Reh3 Rg7 61. Rxh6 Rxh6 62. Rxh6 Rxg6+ 63. Rxg6+ Qxg6+ 64. Qg3 Kf7 65. Qxg6+ Kxg6 66. Kg2 Kf5 67. Kg3 a5 68. f3 a4 69. f4 Kf6 70. Kg4 Kg6 71. Kh4 Kf5 72. Kg3 Kf6 73. Kg4 1/2-1/2

[Event "Mislata op 45th"]
[Site "Mislata"]
[Date "2011.08.21"]
[Round "9"]
[White "Cruz Lledo, Pablo"]
[Black "Mingo Fernandez, Matias"]
[Result "1-0"]
[WhiteElo "2269"]
[BlackElo "2189"]
[PlyCount "119"]
[EventDate "2011.08.15"]
[EventType "swiss"]
[EventRounds "9"]
[EventCountry "ESP"]
[SourceTitle "CBM 143 Extra"]
[Source "ChessBase"]
[SourceDate "2011.08.29"]
[SourceVersion "1"]
[SourceVersionDate "2011.08.29"]
[SourceQuality "1"]

1. d4 d5 2. c4 e6 3. Nf3 a6 4. cxd5 exd5 5. g3 Bd6 6. Bg2 Ne7 7. 0-0 0-0 8. Nc3 c6 9. Qb3 Nd7 10. Re1 Qb6 11. Qc2 Nf6 12. Bg5 Bf5 13. Qc1 Ne4 14. Be3 Bb4 15. Nh4 Qa5 16. Bd2 Nxd2 17. Qxd2 Be6 18. a3 Bd6 19. b4 Qd8 20. Na4 Nf5 21. Nxf5 Bxf5 22. Nc5 Ra7 23. Rac1 Re8 24. e3 Qb6 25. Bf1 Be4 26. a4 Bf3 27. Qc3 h5 28. Rb1 h4 29. Bg2 Bxg2 30. Kxg2 Qd8 31. b5 axb5 32. axb5 cxb5 33. Rxb5 h3+ 34. Kg1 Qf6 35. Qd3 Qf3 36. Qf1 Bxc5 37. Rxc5 Ra2 38. Rc3 Rea8 39. Rec1 g6 40. e4 Qxe4 41. Qxh3 Kg7 42. Rd1 Ra1 43. Qf1 Rxd1 44. Qxd1 Ra2 45. Re3 Qf5 46. Qe1 Rb2 47. Kg2 Rb1 48. Qe2 Qd7 49. Re7 Qf5 50. Re5 Qd7 51. Re7 Qf5 52. h4 Rb4 53. Re5 Qf6 54. Qe3 Rb5 55. h5 gxh5 56. Rxh5 Kf8 57. Qa3+ Kg7 58. Qa8 Kg6 59. Rh4 Rb2 60. Qg8+ 1-0

[Event "Mislata op 45th"]
[Site "Mislata"]
[Date "2011.08.17"]
[Round "4"]
[White "Martin Hernandez, Ruben"]
[Black "Mingo Fernandez, Matias"]
[Result "0-1"]
[WhiteElo "2128"]
[BlackElo "2189"]
[PlyCount "132"]
[EventDate "2011.08.15"]
[EventType "swiss"]
[EventRounds "9"]
[EventCountry "ESP"]
[SourceTitle "CBM 143 Extra"]
[Source "ChessBase"]
[SourceDate "2011.08.29"]
[SourceVersion "1"]
[SourceVersionDate "2011.08.29"]
[SourceQuality "1"]

1. c4 c6 2. g3 d5 3. Bg2 Nf6 4. Nf3 Bf5 5. Qb3 Qb6 6. 0-0 e6 7. d3 Nbd7 8. Be3 Qxb3 9. axb3 a6 10. Na3 Bg4 11. Nc2 Be7 12. h3 Bxf3 13. Bxf3 0-0 14. Bg2 Rfd8 15. b4 Ne8 16. b3 Nd6 17. Ra2 Rac8 18. f4 g6 19. g4 Nb8 20. Bb6 Rf8 21. e4 dxe4 22. dxe4 Nd7 23. Be3 e5 24. Rd1 Rfd8 25. Ne1 Ne8 26. Rad2 exf4 27. Bxf4 Nf8 28. Rxd8 Rxd8 29. Rxd8 Bxd8 30. Nd3 Ne6 31. Be3 N8c7 32. e5 Be7 33. Kf2 Kf8 34. Kg3 Ke8 35. h4 Ng7 36. Be4 Kd7 37. Bd2 Nge6 38. Bc3 b6 39. Bg2 c5 40. bxc5 Nxc5 41. Nxc5+ Bxc5 42. b4 Bf8 43. Bb7 Be7 44. g5 Bf8 45. Kf3 Be7 46. Ke4 Bf8 47. Kd3 Be7 48. Kc2 Bf8 49. Kb3 b5 50. c5 h6 51. gxh6 Bxh6 52. Kc2 Bf4 53. Kd3 Bg3 54. h5 gxh5 55. Ke4 Bf2 56. Kf5 Ke7 57. Bd2 h4 58. Bg5+ Kd7 59. Kf6 Ne6 60. Bd2 Bd4 61. Be1 h3 62. Bg3 Bc3 63. Kxf7 Nd8+ 64. Kf8 Nxb7 65. e6+ Kxe6 66. c6 Bxb4+ 0-1

[Event "Mislata op 45th"]
[Site "Mislata"]
[Date "2011.08.15"]
[Round "1"]
[White "Mingo Fernandez, Matias"]
[Black "Ventura Monfort, Santiago"]
[Result "1/2-1/2"]
[WhiteElo "2189"]
[BlackElo "2003"]
[PlyCount "116"]
[EventDate "2011.08.15"]
[EventType "swiss"]
[EventRounds "9"]
[EventCountry "ESP"]
[SourceTitle "CBM 143 Extra"]
[Source "ChessBase"]
[SourceDate "2011.08.29"]
[SourceVersion "1"]
[SourceVersionDate "2011.08.29"]
[SourceQuality "1"]

1. d4 Nf6 2. Nf3 e6 3. Bf4 c5 4. e3 Nc6 5. c3 d5 6. Nbd2 Bd6 7. Ne5 0-0 8. Bd3 Qe7 9. Bg3 Nd7 10. f4 g6 11. Ndf3 c4 12. Bc2 f6 13. Ng4 b5 14. 0-0 Bb7 15. Bh4 Qg7 16. Qd2 Ne7 17. Rae1 Nf5 18. Nf2 Nxh4 19. Nxh4 f5 20. Nf3 h6 21. Kh1 Nf6 22. Rg1 h5 23. h3 Qh6 24. g3 Kf7 25. Rg2 Rh8 26. Reg1 Ke7 27. Rh2 Rag8 28. Rgg2 Qf8 29. Qc1 Qd8 30. Qg1 Qe8 31. Ng5 Nh7 32. Nxh7 Rxh7 33. g4 hxg4 34. hxg4 Rgh8 35. gxf5 Rxh2+ 36. Rxh2 Rxh2+ 37. Qxh2 gxf5 38. Bd1 Qg8 39. Nh3 Kd7 40. Ng5 Be7 41. Qh6 Bc8 42. Kh2 Kd6 43. Bh5 Bd7 44. Bg6 Qf8 45. Qh5 Bf6 46. Bf7 Ke7 47. Bg6 Qh8 48. Nh7 Kd6 49. Kg3 Qg7 50. Kf3 Qh8 51. Qh6 Qg7 52. Qh5 Qh8 53. Bf7 Qg7 54. Ng5 Qh8 55. Nh7 Qg7 56. Kf2 Ke7 57. Bg6 Kd6 58. Ng5 Ke7 1/2-1/2

[Event "San Fernando op 24th"]
[Site "San Fernando"]
[Date "2011.07.20"]
[Round "7"]
[White "Garrido Dominguez, Jesus"]
[Black "Mingo Fernandez, Matias"]
[Result "0-1"]
[WhiteElo "2398"]
[BlackElo "2189"]
[PlyCount "120"]
[EventDate "2011.07.16"]
[EventType "swiss"]
[EventRounds "7"]
[EventCountry "ESP"]
[SourceTitle "CBM 143 Extra"]
[Source "ChessBase"]
[SourceDate "2011.08.29"]
[SourceVersion "1"]
[SourceVersionDate "2011.08.29"]
[SourceQuality "1"]

1. e4 e6 2. d4 d5 3. Nd2 dxe4 4. Nxe4 Nd7 5. Bd3 Ngf6 6. Qe2 b6 7. Nf3 Bb7 8. 0-0 Be7 9. Bf4 0-0 10. Rad1 Nxe4 11. Bxe4 Bxe4 12. Qxe4 Nf6 13. Qe2 Nd5 14. Bg3 Bf6 15. c4 Ne7 16. Be5 Nf5 17. Rfe1 Bxe5 18. Qxe5 Ne7 19. Qe4 c6 20. h4 h6 21. Ne5 Qc7 22. Rd3 Rad8 23. b4 Rd6 24. a4 a6 25. Rf3 Qd8 26. Nxf7 Rxf7 27. Rxf7 Kxf7 28. c5 bxc5 29. dxc5 Rd5 30. Qxe6+ Kf8 31. Re4 Rf5 32. f3 Rf6 33. Qb3 Qd2 34. b5 axb5 35. axb5 cxb5 36. Qxb5 Rf5 37. Kh2 Qd8 38. Rc4 Qc7+ 39. Kg1 Rd5 40. Qb4 Kg8 41. Rc1 Nc6 42. Qc4 Qf7 43. Qe4 Qd7 44. Qe3 Rd2 45. Rc4 Rd1+ 46. Kh2 Qc7+ 47. g3 Qd7 48. Rc2 Rd3 49. Qf4 Nd4 50. c6 Qc8 51. Rc5 Nxf3+ 52. Kg2 Ne1+ 53. Kh2 Rd2+ 54. Kg1 Rd1 55. Qc4+ Kh8 56. Rd5 Nd3+ 57. Kg2 Rd2+ 58. Kg1 Qa8 59. Rf5 Qa7+ 60. Kh1 Qa1+ 0-1

[Event "Mislata op 43rd"]
[Site "Mislata"]
[Date "2009.08.26"]
[Round "3"]
[White "Guerra Mendez, Jose Angel"]
[Black "Mingo Fernandez, Matias"]
[Result "1-0"]
[WhiteElo "2408"]
[BlackElo "2198"]
[PlyCount "113"]
[EventDate "2009.08.24"]
[EventType "swiss"]
[EventRounds "9"]
[EventCountry "ESP"]
[SourceTitle "CBM 131 Extra"]
[Source "ChessBase"]
[SourceDate "2009.09.03"]
[SourceVersion "2"]
[SourceVersionDate "2009.09.16"]
[SourceQuality "1"]

1. e4 e6 2. d4 d5 3. Nc3 Nf6 4. e5 Nfd7 5. f4 c5 6. Nf3 Nc6 7. Be3 Qb6 8. a3 cxd4 9. Nxd4 a6 10. Be2 Qc7 11. 0-0 Be7 12. Kh1 Ndb8 13. Bd3 Nxd4 14. Bxd4 Nc6 15. Bg1 b5 16. Ne2 f5 17. exf6 Bxf6 18. c3 0-0 19. Qd2 Bb7 20. Bc2 Rad8 21. Rae1 Bh4 22. Rd1 Bc8 23. Bc5 Be7 24. Bxe7 Nxe7 25. Nd4 Rf6 26. g3 Rdf8 27. Qd3 g6 28. Rfe1 Qd6 29. Kg1 Bd7 30. Rd2 Nf5 31. Nxf5 gxf5 32. Qd4 Kf7 33. a4 Rc8 34. axb5 Bxb5 35. Kg2 Rg6 36. Bd1 Rh6 37. Be2 Bxe2 38. Rdxe2 Rg6 39. Ra1 Ra8 40. b4 Rgg8 41. Rea2 Qc6 42. Re2 Rgc8 43. Re3 Qc4 44. Qe5 Rc6 45. Rae1 Rd8 46. Rd1 Qa2+ 47. Re2 Qc4 48. Re3 Qa2+ 49. Re2 Qc4 50. Rde1 d4 51. cxd4 Qxd4 52. Qa5 Rb6 53. Kh3 Rdd6 54. Rc1 Qxb4 55. Rc7+ Kg6 56. Qa1 Qd4 57. Rxe6+ 1-0

[Event "Catalunya-chT Honor"]
[Site "Catalunya"]
[Date "2009.02.08"]
[Round "2"]
[White "Aloma Vidal, Roberto"]
[Black "Mingo Fernandez, Matias"]
[Result "1-0"]
[WhiteElo "2399"]
[BlackElo "2225"]
[PlyCount "111"]
[EventDate "2009.02.01"]
[EventType "team-tourn"]
[EventRounds "9"]
[EventCountry "ESP"]
[SourceTitle "EXT 2019"]
[Source "ChessBase"]
[SourceDate "2018.10.10"]
[SourceVersion "1"]
[SourceVersionDate "2018.10.10"]
[SourceQuality "1"]
[WhiteTeam "Montcada"]
[BlackTeam "Barbera"]
[WhiteTeamCountry "ESP"]
[BlackTeamCountry "ESP"]

1. Nf3 d5 2. c4 e6 3. g3 Nf6 4. Bg2 c6 5. Qc2 Nbd7 6. d4 Bb4+ 7. Nbd2 0-0 8. 0-0 a5 9. e4 Be7 10. e5 Ne8 11. Ne1 Nc7 12. Nd3 dxc4 13. Nxc4 Nb5 14. Be3 Nb8 15. Nf4 Nxd4 16. Qe4 c5 17. Nh5 f5 18. exf6 Bxf6 19. Nxf6+ gxf6 20. Bh6 Rf7 21. Qg4+ Kh8 22. Qh5 Rc7 23. Nd6 Qg8 24. Rad1 Qg6 25. Qxg6 hxg6 26. Nxc8 Rxc8 27. Bxb7 Nbc6 28. Be3 e5 29. Kg2 Rab8 30. Bxc8 Rxc8 31. Rc1 Nb4 32. Rfd1 Nxa2 33. Ra1 Nb4 34. Rxa5 Nbc2 35. Ra6 Kg7 36. Ra7+ Kf8 37. Bh6+ Ke8 38. Rg7 Rc6 39. Rxg6 Kf7 40. Rg7+ Ke6 41. Rb7 Nf5 42. Bc1 Ncd4 43. h4 Nd6 44. Ra7 N6b5 45. Ra8 Kf5 46. h5 Rc7 47. h6 Rh7 48. Rc8 Ne6 49. Rg8 Nbd4 50. f3 Ng5 51. Bxg5 fxg5 52. Rh1 Kf6 53. Rh5 Ne6 54. Rc8 Kg6 55. Rh2 Kf6 56. Kf2 1-0

[Event "Catalunya-chT"]
[Site "Spain"]
[Date "2004.??.??"]
[Round "?"]
[White "Escuder Vilaltella, Jordi"]
[Black "Mingo Fernandez, Matias"]
[Result "1/2-1/2"]
[WhiteElo "2260"]
[BlackElo "2233"]
[PlyCount "80"]
[EventDate "2004.??.??"]
[EventType "team"]
[EventRounds "9"]
[EventCountry "ESP"]
[SourceTitle "EXT 2007"]
[Source "ChessBase"]
[SourceDate "2006.11.23"]
[SourceVersion "1"]
[SourceVersionDate "2006.11.23"]
[SourceQuality "1"]

1. e4 e6 2. d4 d5 3. Nc3 Nf6 4. e5 Nfd7 5. f4 c5 6. Nf3 Nc6 7. Be3 Qb6 8. Qd2 Qxb2 9. Rb1 Qa3 10. Bb5 c4 11. Ne2 Be7 12. 0-0 0-0 13. f5 exf5 14. Ng5 Nb6 15. Bxc6 bxc6 16. Rf3 f6 17. exf6 Bxf6 18. Re1 Bd7 19. Bf4 Qb2 20. Rg3 Rfe8 21. Nf3 c3 22. Nxc3 Nc4 23. Qd3 Rxe1+ 24. Nxe1 Qa1 25. Kf2 Bh4 26. Nf3 Bxg3+ 27. Kxg3 Re8 28. Na4 Qxa2 29. Nc5 Bc8 30. h4 Qa1 31. h5 Qh1 32. h6 Qh5 33. Kf2 g6 34. Qb3 g5 35. Bxg5 Nd6 36. Bf4 Ne4+ 37. Kg1 Nxc5 38. dxc5 Qg4 39. Qc3 Qg6 40. Ne5 Rxe5 1/2-1/2

[Event "Catalunya-chT"]
[Site "Spain"]
[Date "2004.??.??"]
[Round "?"]
[White "Mingo Fernandez, Matias"]
[Black "Asis Gargatagli, Hipolito"]
[Result "0-1"]
[WhiteElo "2233"]
[BlackElo "2204"]
[PlyCount "120"]
[EventDate "2004.??.??"]
[EventType "team"]
[EventRounds "9"]
[EventCountry "ESP"]
[SourceTitle "EXT 2007"]
[Source "ChessBase"]
[SourceDate "2006.11.23"]
[SourceVersion "1"]
[SourceVersionDate "2006.11.23"]
[SourceQuality "1"]

1. d4 Nf6 2. Nf3 g6 3. Bf4 Bg7 4. e3 0-0 5. Be2 d6 6. h3 Nbd7 7. 0-0 Qe8 8. c3 e5 9. Bh2 Qe7 10. a4 e4 11. Nfd2 Re8 12. a5 h5 13. b4 Nf8 14. b5 Ne6 15. Na3 b6 16. Nc2 Bd7 17. Nb4 Ng5 18. Kh1 Qe6 19. Rg1 Qf5 20. Qf1 h4 21. c4 Bf8 22. Nd5 Nxd5 23. Bg4 Nxe3 24. Bxf5 Nxf1 25. Bxd7 Nxd2 26. Bxe8 Rxe8 27. axb6 axb6 28. Bf4 e3 29. Bxe3 Nge4 30. Ra7 Nxc4 31. Bf4 Nxf2+ 32. Kh2 Re4 33. Bg5 d5 34. Ra8 Kg7 35. Bh6+ Kxh6 36. Rxf8 Kg7 37. Rc8 Nd6 38. Rxc7 Nxb5 39. Rb7 Nxd4 40. Rf1 Rf4 41. Rb1 b5 42. Rd7 Ne4 43. Rd1 Nf6 44. Rb7 b4 45. Kh1 Ne4 46. Kh2 Ng3 47. Rd7 b3 48. Rxd5 b2 49. Rd7 Rf1 50. R7xd4 g5 51. Rd5 b1Q 52. Rxb1 Rxb1 53. Rxg5+ Kf6 54. Rg6+ Ke5 55. Re6+ Kd4 56. Rd6+ Ke3 57. Re6+ Ne4 58. Rh6 f5 59. Rxh4 f4 60. Rg4 Nf2 0-1

[Event "Catalunya-chT"]
[Site "Spain"]
[Date "2003.??.??"]
[Round "7"]
[White "Perpinya Rofes, Lluis Maria"]
[Black "Mingo Fernandez, Matias"]
[Result "0-1"]
[WhiteElo "2420"]
[BlackElo "2255"]
[PlyCount "94"]
[EventDate "2003.??.??"]
[EventType "team"]
[EventRounds "9"]
[EventCountry "ESP"]
[SourceTitle "EXT 2007"]
[Source "ChessBase"]
[SourceDate "2006.11.23"]
[SourceVersion "1"]
[SourceVersionDate "2006.11.23"]
[SourceQuality "1"]

1. e4 e6 2. d4 d5 3. e5 c5 4. c3 Qb6 5. Nf3 Bd7 6. a3 cxd4 7. cxd4 Bb5 8. Bxb5+ Qxb5 9. Nc3 Qa6 10. Ne2 Ne7 11. 0-0 Nec6 12. Nf4 Nd7 13. Ng5 Qb6 14. Be3 Nd8 15. Qh5 g6 16. Qe2 Be7 17. h4 h6 18. Nf3 Nc6 19. b4 g5 20. Nh5 0-0-0 21. Rfc1 Kb8 22. Nd2 gxh4 23. Nb3 Rhg8 24. Rab1 Bg5 25. Qd2 Bxe3 26. Qxe3 Rg5 27. Nf4 Rdg8 28. Rc3 Ndxe5 29. Nc5 Ng4 30. Nd7+ Kc7 31. Nxb6 Nxe3 32. fxe3 Kxb6 33. Kh2 Ne7 34. Rbc1 Nf5 35. Rc7 h3 36. Kxh3 Nxe3 37. a4 a6 38. Rxf7 Nxg2 39. Nxg2 Rg3+ 40. Kh4 Rxg2 41. Kh3 R2g5 42. Kh4 Rg4+ 43. Kh5 Rxd4 44. a5+ Ka7 45. Re1 Re8 46. Rb1 e5 47. Kxh6 e4 0-1

[Event "Sant Boi op-A"]
[Site "Sant Boi de Llobregat"]
[Date "2000.06.09"]
[Round "5"]
[White "Mingo Fernandez, Matias"]
[Black "Castaner Harster, Xavier"]
[Result "0-1"]
[WhiteElo "2225"]
[BlackElo "2249"]
[PlyCount "84"]
[EventDate "2000.05.12"]
[EventType "swiss"]
[EventRounds "7"]
[EventCountry "ESP"]
[SourceTitle "EXT 2003"]
[Source "ChessBase"]
[SourceDate "2002.11.25"]
[SourceVersion "1"]
[SourceVersionDate "2002.11.25"]
[SourceQuality "1"]

1. e4 c5 2. Nf3 e6 3. c3 d5 4. e5 d4 5. cxd4 cxd4 6. Bb5+ Nc6 7. Bxc6+ bxc6 8. Qa4 Bc5 9. Nc3 dxc3 10. Qxc6+ Bd7 11. Qxc5 Rc8 12. Qd4 c2 13. 0-0 Ne7 14. b3 0-0 15. Ba3 Nf5 16. Qf4 Qc7 17. Rfc1 Rfd8 18. g4 Nh6 19. Be7 Re8 20. Bd6 Qa5 21. Nd4 Qd5 22. f3 f6 23. Nxc2 Nf7 24. Nb4 Qb5 25. a4 Qb7 26. Qe4 Qb6+ 27. Qe3 Qb7 28. Qe4 Nxd6 29. exd6 Qb6+ 30. Kg2 Qxd6 31. Nd3 f5 32. Qe3 fxg4 33. fxg4 Bc6+ 34. Kh3 e5 35. Re1 Qd5 36. Re2 Rf8 37. Nxe5 Rce8 38. Rae1 h5 39. d4 hxg4+ 40. Kh4 Rf3 41. Qc1 Rh3+ 42. Kg5 Qd8+ 0-1